| 000 | 01309nam a2200397 c 4500 | ||
|---|---|---|---|
| 001 | 14018 | ||
| 003 | ES-MaCES | ||
| 005 | 20250121040009.0 | ||
| 008 | 020906s2001 sp t o000 | spa d | ||
| 017 |
_aBI 2753-01 _bDL |
||
| 020 | _a8477999716 | ||
| 024 | 7 |
_a207-01-081-6 _2nipo |
|
| 035 | _aCES20020011158m | ||
| 040 |
_aES-MaCES _bspa _cES-MaCES |
||
| 245 | 0 | 4 |
_aLas académicas _b: (profesorado universitario y género) _cMaría Antonia García de León, Marisa García de Cortázar (codirectoras) |
| 260 |
_aMadrid _bInstituto de la Mujer _c2001 |
||
| 300 |
_a623 p. _c24 cm |
||
| 490 | 1 |
_aEstudios _v72 |
|
| 504 | _aBibliografía | ||
| 541 | _cGratuito | ||
| 650 | 4 |
_amujeres _928657 |
|
| 650 | 4 |
_atrabajadora _928413 |
|
| 650 | 4 |
_apersonal docente _929286 |
|
| 650 | 4 |
_aenseñanza superior _927379 |
|
| 650 | 4 |
_aEspaña _926964 |
|
| 650 | 4 |
_acuadros estadísticos _928890 |
|
| 653 | 1 | 0 | _aMujer |
| 650 | 4 |
_927434 _auniversidad |
|
| 700 | 1 |
_aGarcía de León, María Antonia _edir. _912848 |
|
| 700 | 1 |
_aGarcía de Cortázar, María Luisa _edir. _912836 |
|
| 710 | 2 |
_aInstituto de la Mujer (España) _eed. _94190 |
|
| 830 | 0 |
_aEstudios (Instituto de la Mujer (España)) _v72 _932074 |
|
| 902 | _aLIB Libro | ||
| 942 |
_2CES _cBK _h3.3. |
||
| 999 |
_c14018 _d14018 |
||